000 01182nam a2200265Ia 4500
003 OSt
005 20220923222252.0
006 a|||||r|||| 00| 0
007 ta
008 220922b |||||||| |||| 00| 0 hin d
024 _a204,134
037 _cTextual
040 _aARTS
_cARTS
_bhin
041 _2hin
_ahin
082 _aO156,3M87,YU, 152M5
100 _aमुंशी, कन्हैयालाल माणिकलाल; धानवी, शिवरत्न, अनु.
_9166509
245 0 _aयुधिष्ठिर
_b कुरुक्षेत्र नामक आठवें भाग के 13 अघ्यायों सहित
246 _aYudhiṣhṭhira: kurukṣhetra nāmak āṭhavean bhāg ke 13 aghyāyoan sahita
260 _aदिल्ली
_b राजकमल
_c1985
300 _a220पृ.
_ccm.
490 _aकृष्णावतार
650 _aगुजराती साहित्य
942 _hO156,3M87,YU, 152M5
_cTEXL
_2CC
999 _c354883
_d354883